000 00243nmm a2200085Ia 4500
008 220120s9999||||xx |||||||||||||||||und||
100 _aPCQ
245 0 _aFree network security software for SMES and security tools
260 _aCyber media Pvt. Ltd.
999 _c139745
_d139745